|
|
|
|
| LEADER |
00000cas a22000001a 4500 |
| 001 |
vtls010301772 |
| 003 |
SK-MaSNL |
| 005 |
20260228161617.0 |
| 008 |
110810d19451948xo sr p 0 b0slo |
| 015 |
|
|
|a SNBDS17XX9999
|
| 015 |
|
|
|a 0916
|2 Balúnová 1945-60
|
| 038 |
|
|
|a SNKBUDS
|
| 040 |
|
|
|a SNK
|b slo
|c SNK
|e AACR2
|
| 041 |
0 |
|
|a slo
|
| 043 |
|
|
|a e-xo---
|
| 044 |
|
|
|a xo
|c SK
|
| 072 |
|
7 |
|a 316
|x Sociológia
|2 konspekt
|
| 072 |
|
7 |
|a 32
|x Politika
|2 konspekt
|
| 072 |
|
7 |
|a 316.7
|x Sociológia kultúry. Kultúrny život
|2 konspekt
|
| 080 |
|
|
|a 316.7
|2 2011
|
| 080 |
|
|
|a (437.6)
|2 2011
|
| 080 |
|
|
|a 32
|2 2011
|
| 080 |
|
|
|a 316.3
|2 2011
|
| 245 |
0 |
0 |
|a Nové hlasy
|b orgán Národných výborov na Spiši
|
| 260 |
|
|
|a Spišská Nová Ves
|b ONV a MNV
|c 1945-15/III 1947
|
| 260 |
3 |
|
|3 16/III 1947-1948
|a Spišská Nová Ves
|b Kultúra
|
| 300 |
|
|
|a 4 zv.
|c 48 cm
|
| 310 |
|
|
|a 2x mesačne
|b 1947-1848
|
| 321 |
|
|
|a 1x týždenne
|b 1945-1946
|
| 362 |
0 |
|
|a Roč. I, č. 1 (21.4.1945)-roč. IV, č. 3 (15.2.1948)
|
| 500 |
|
|
|a Zmena podnázvu: od 4/I (4. mája 1945) Orgán Národných výborov v okrese spišskonovoveskom, od 6/I (20. mája 1945) Orgán Národného frontu, od 1/IV (15. jan. 1948) Nezávislý dvojtýždenník Spiša
|
| 500 |
|
|
|a Zodpovedný redaktor: Ľudovít Tréger
|
| 500 |
|
|
|a Povolenie vydávania: Pov. SNR pre pošty v Košiciach pod č. 2543-I/a 45. 7 Dohliadací úrad v Sp. Nové Vsi
|
| 650 |
0 |
7 |
|a verejný život
|2 SNKPH
|9 265932
|
| 650 |
0 |
7 |
|a spoločenský život
|2 SNKPH
|9 28654
|
| 650 |
0 |
7 |
|a politika
|2 SNKPH
|9 968
|
| 650 |
0 |
7 |
|a kultúra
|2 SNKPH
|9 886
|
| 651 |
|
|
|a Spiš (Slovensko : región)
|2 SNKPHgeo
|9 17692
|
| 655 |
|
7 |
|a noviny
|2 SNKPH
|9 72987
|
| 700 |
1 |
|
|a Tréger, Ľudovít
|4 pbd
|9 269049
|
| 910 |
|
|
|a snk
|
| 916 |
|
|
|a 1945, 1948
|
| 999 |
|
|
|c 5804
|d 7734
|
| 952 |
|
|
|0 0
|1 0
|4 0
|7 0
|a SNK
|b SNK
|d 2003-05-15
|f 2
|i snk 1021/47
|l 0
|o snkČSA 220/2/1946
|p 17A0030485
|r 2005-01-01 00:00:00
|t č. 1-40
|w 2026-02-21
|y PREZ
|z Rok 1946 je vzhľadom k zlej väzbe nedigitalizovatelný
|
| 952 |
|
|
|0 0
|1 0
|4 0
|7 0
|8 5
|a SNK
|b SNK
|d 1997-01-07
|f 1
|i snkF 3035/68
|l 0
|o snkČSA 220/1/1945
|p 17A0379443
|r 2005-01-01 00:00:00
|t č. 1-36
|w 2026-02-21
|y PREZ
|
| 952 |
|
|
|0 0
|1 0
|4 0
|7 0
|a SNK
|b SNK
|d 2003-05-15
|l 0
|o snkČSA 220/1/1945 D1
|p 17A0367442
|r 2005-01-01 00:00:00
|w 2026-02-21
|y PREZ
|
| 952 |
|
|
|0 0
|1 0
|4 0
|7 0
|a SNK
|b SNK
|d 2003-05-15
|f 2
|i snk 103/47
|l 0
|o snkČSA 220/3/1947
|p 17A0030482
|r 2005-01-01 00:00:00
|t č. 1-19
|w 2026-02-21
|y PREZ
|z Rok 1947 je vzhľadom k zlej väzbe nedigitalizovatelný
|
| 952 |
|
|
|0 0
|1 0
|4 0
|7 0
|8 5
|a SNK
|b SNK
|d 2003-05-15
|f 1
|i snkF 3116/68
|l 0
|o snkČSA 220/4/1948
|p 17A0028532
|r 2005-01-01 00:00:00
|t č. 1-3
|w 2026-02-21
|y PREZ
|